000
00302 a2200133 4500
001
155672
040
_c
Escola São Tomás de Aquino
240
1
0
_a
Carlos Drummond de Andrade
_l
por
245
1
0
_a
Carlos Drummond de Andrade
300
_a
105
362
0
_a
1980
697
_a
GENERALIDADES
942
_c
BK
999
_c
155672
_d
155672